Frequency modulation. (Record no. 545731)
[ view plain ]
| 000 -LEADER | |
|---|---|
| fixed length control field | 00478cam a22001571 4500 |
| 082 ## - DEWEY DECIMAL CLASSIFICATION NUMBER | |
| Classification number | 621.384136 |
| Author Mark | FRE |
| -- | L-II P-61. |
| 100 1# - MAIN ENTRY--PERSONAL NAME | |
| Personal name | Schure, Alexander, |
| 9 (RLIN) | 41545 |
| 245 00 - TITLE STATEMENT | |
| Title | Frequency modulation. |
| 250 ## - EDITION STATEMENT | |
| Edition statement | [1st ed.] |
| 260 ## - PUBLICATION, DISTRIBUTION, ETC. | |
| Place of publication, distribution, etc. | New York, |
| Name of publisher, distributor, etc. | J. F. Rider |
| Date of publication, distribution, etc. | [1955] |
| 300 ## - PHYSICAL DESCRIPTION | |
| Extent | 46 p. |
| Other physical details | illus. |
| Dimensions | 22 cm. |
| 490 0# - SERIES STATEMENT | |
| Series statement | A Rider publication, no. 166-8. Review series |
| 526 ## - STUDY PROGRAM INFORMATION NOTE | |
| Program name | 0 |
| Interest level | 0 |
| Reading level | 0 |
| Title point value | 621_384136000000000_FRE |
| 650 #0 - SUBJECT ADDED ENTRY--TOPICAL TERM | |
| Topical term or geographic name entry element | Radio frequency modulation. |
| 9 (RLIN) | 41688 |
| 942 ## - ADDED ENTRY ELEMENTS (KOHA) | |
| Source of classification or shelving scheme | |
| Koha item type | Book |
| Withdrawn status | Lost status | Source of classification or shelving scheme | Damaged status | Not for loan | Permanent Location | Current Location | Date acquired | Total Checkouts | Full call number | Barcode | Date last seen | Price effective from | Koha item type |
|---|---|---|---|---|---|---|---|---|---|---|---|---|---|
| Military College of Engineering (MCE) | Military College of Engineering (MCE) | 05/28/2014 | 621.384136 FRE | MCE-2259 | 05/28/2014 | 05/28/2014 | Book |
